Cost accounting / (Record no. 145506)

MARC details
000 -LEADER
fixed length control field 00938nam a22002537a 4500
005 - DATE AND TIME OF LATEST TRANSACTION
control field 20180205113857.0
010 ## - LCCN (DPL NO)
LC control number 1718EN-30 ENG-121837
020 ## - INTERNATIONAL STANDARD BOOK NUMBER
International Standard Book Number 9789332542211
Terms of availability 829.00
035 ## - SYSTEM CONTROL NUMBER
System control number EN-105369
035 ## - SYSTEM CONTROL NUMBER
System control number B-683987-4000
037 ## - SOURCE OF ACQUISITION
Source of stock number/acquisition BSB
Stock number dpl
037 ## - SOURCE OF ACQUISITION
Source of stock number/acquisition DBAD/PUB
082 ## - DEWEY DECIMAL CLASSIFICATION NUMBER
Classification number 658.1511
100 ## - MAIN ENTRY--PERSONAL NAME
Personal name Horngren, Charles T.
245 ## - TITLE STATEMENT
Title Cost accounting /
Statement of responsibility, etc by Charles T. Horngren, Srikant M. Datar[and] Madhav V. Rajan
250 ## - EDITION STATEMENT
Edition statement 15th ed
260 ## - PUBLICATION, DISTRIBUTION, ETC. (IMPRINT)
Date of publication, distribution, etc 2017
Place of publication, distribution, etc Noida
Name of publisher, distributor, etc Pearson India
270 ## - ADDRESS
Address 15th Floor,, Tower-B, World Trade, Plot No.1, Block-C, Sector-16,
City Noida
Postal code 201301
300 ## - PHYSICAL DESCRIPTION
Dimensions 23cm(pbk)
Extent 1278p. :
Other physical details ill.
700 ## - ADDED ENTRY--PERSONAL NAME
Personal name Datar, Srikant M.
700 ## - ADDED ENTRY--PERSONAL NAME
Personal name Rajan, Madhav V.
942 ## - ADDED ENTRY ELEMENTS (KOHA)
Item type English Books
Source of classification or shelving scheme Dewey Decimal Classification
Call number suffix HOR
Classification part 658.1511
Holdings
Withdrawn status Lost status Not for loan Collection code Home library Current library Date acquired Source of acquisition Cost, normal purchase price Full call number Barcode Copy number Cost, replacement price Koha item type
      Non-fiction Ashok Vihar Ashok Vihar 05/02/2018 BSB/299/1.12.2017/BPPB/EN/2017-18/641/20.11.17/14.12.2017 829.00 658.1511 HOR B-683991 1 829.00 English Books
      Non-fiction Bawana Bawana 05/02/2018 BSB/299/1.12.2017/BPPB/EN/2017-18/641/20.11.17/14.12.2017 829.00 658.1511 HOR B-683999 1 829.00 English Books
      Non-fiction Central Library Central Library 05/02/2018 BSB/299/1.12.2017/BPPB/EN/2017-18/641/20.11.17/14.12.2017 829.00 658.1511 HOR B-683987 1 829.00 English Books
    Not For Loan Non-fiction D.B.Act.Division D.B.Act.Division 09/12/2017 DBAD/PUB 829.00 658.1511 HOR EN-105369 1 829.00 English Books
      Non-fiction Janak Puri Janak Puri 05/02/2018 BSB/299/1.12.2017/BPPB/EN/2017-18/641/20.11.17/14.12.2017 829.00 658.1511 HOR B-683995 1 829.00 English Books
      Non-fiction Kasturba Gandhi Marg Kasturba Gandhi Marg 05/02/2018 BSB/299/1.12.2017/BPPB/EN/2017-18/641/20.11.17/14.12.2017 829.00 658.1511 HOR B-683993 1 829.00 English Books
      Non-fiction Mobile Library Mobile Library 05/02/2018 BSB/299/1.12.2017/BPPB/EN/2017-18/641/20.11.17/14.12.2017 829.00 658.1511 HOR B-683988 2 829.00 English Books
      Non-fiction Mobile Library Mobile Library 05/02/2018 BSB/299/1.12.2017/BPPB/EN/2017-18/641/20.11.17/14.12.2017 829.00 658.1511 HOR B-683989 2 829.00 English Books
      Non-fiction Narela Narela 05/02/2018 BSB/299/1.12.2017/BPPB/EN/2017-18/641/20.11.17/14.12.2017 829.00 658.1511 HOR B-683998 1 829.00 English Books
      Non-fiction New Police Line New Police Line 05/02/2018 BSB/299/1.12.2017/BPPB/EN/2017-18/641/20.11.17/14.12.2017 829.00 658.1511 HOR B-683990 1 829.00 English Books
      Non-fiction Patel Nagar Patel Nagar 05/02/2018 BSB/299/1.12.2017/BPPB/EN/2017-18/641/20.11.17/14.12.2017 829.00 658.1511 HOR B-683992 1 829.00 English Books
      Non-fiction Peshwa Road Peshwa Road 05/02/2018 BSB/299/1.12.2017/BPPB/EN/2017-18/641/20.11.17/14.12.2017 829.00 658.1511 HOR B-683994 1 829.00 English Books
      Non-fiction R.K.Puram-8 R.K.Puram-8 05/02/2018 BSB/299/1.12.2017/BPPB/EN/2017-18/641/20.11.17/14.12.2017 829.00 658.1511 HOR B-683997 1 829.00 English Books
      Non-fiction Sarojini Nagar Sarojini Nagar 05/02/2018 BSB/299/1.12.2017/BPPB/EN/2017-18/641/20.11.17/14.12.2017 829.00 658.1511 HOR B-683996 1 829.00 English Books
      Non-fiction Shahdara Branch Shahdara Branch 05/02/2018 BSB/299/1.12.2017/BPPB/EN/2017-18/641/20.11.17/14.12.2017 829.00 658.1511 HOR B-684000 1 829.00 English Books

© Delhi Public Library
Hit Counter
free hit counter